Present perfect - 20 verbes irréguliers anglais aléatoires - Statistiques

Statistiques générales
  • Ce quiz a été pris 79 fois
  • Le résultat moyen est 8 sur 20
Statistiques - réponses
Present perfect Traduction française % Correct
come venir
100%
dreamt, dreamed rêver
100%
driven conduire
100%
forgotten, forgot oublier
100%
had avoir
100%
meant signifier
100%
paid payer
100%
put mettre
100%
run courir
100%
said dire
100%
slept dormir
100%
cut couper
93%
lost perdre
89%
rung sonner, téléphoner
89%
drunk boire
88%
eaten manger
88%
been être
86%
made fabriquer
86%
shown montrer
86%
begun commencer
83%
forgiven pardonner
83%
hidden cacher
83%
sent envoyer
83%
become devenir
80%
bled saigner
80%
forbidden interdire
80%
read lire
80%
stolen voler, dérober
80%
broken casser
78%
felt se sentir, ressentir
78%
found trouver
78%
given donner
78%
caught attraper
75%
fed nourrir
75%
seen voir
75%
spoken parler
75%
chosen choisir
73%
cost coûter
71%
kept garder
71%
left laisser, quitter, partir
71%
sold vendre
71%
swum nager
71%
won gagner
71%
hurt blesser
70%
thought penser
70%
bitten mordre
67%
frozen geler
67%
grown grandir, pousser
67%
held tenir
67%
spelt épeler, orthographier
67%
bought acheter
63%
done faire
63%
burnt, burned brûler
60%
heard entendre
60%
known connaître, savoir
60%
led mener, guider
60%
sat s'asseoir
60%
shot tirer, fusiller
60%
spent dépenser, passer du temps
60%
written écrire
60%
fallen tomber
58%
bet parier
57%
drawn dessiner, tirer
57%
hit taper, appuyer
57%
lit, lighted allumer
57%
understood comprendre
56%
built construire
55%
gone aller
50%
learnt apprendre
50%
met rencontrer
50%
ridden monter (vélo, cheval)
50%
sung chanter
50%
wet, wetted mouiller
50%
fought se battre
44%
taught enseigner
44%
thrown jeter
44%
woken réveiller
44%
spat, spit cracher
43%
flown voler (comme un oiseau)
40%
gotten, got obtenir
40%
borne, born porter, supporter, naître
36%
blown souffler, gonfler
33%
shaken secouer
33%
stood être debout
33%
taken prendre
33%
lent prêter
30%
beaten battre
29%
knelt, kneeled s'agenouiller
29%
bent plier, se courber
25%
brought apporter
25%
dug creuser
25%
fled s'enfuir
25%
slid glisser
25%
sought chercher
25%
stuck coller
25%
sunk, sunken couler
25%
risen lever
22%
sawn, sawed scier
22%
smelt sentir
22%
could pouvoir
20%
overcome surmonter
20%
stung piquer
20%
stunk puer
20%
sweat, sweated suer
20%
told dire, raconter
20%
shut fermer
18%
spread répandre
18%
bid, bidden offrir (autre verbe que offer)
17%
forecast prévoir (météo)
17%
leant, leaned s'incliner, se pencher
17%
proven, proved prouver
17%
spoilt gâcher, gâter
17%
sworn jurer
17%
let permettre, louer
13%
quit quitter
13%
pled, pleaded supplier, plaider
8%
abode respecter, se conformer à
0%
arisen survenir, surgir
0%
awoken se réveiller
0%
begotten engendrer
0%
bred élever (des animaux)
0%
broadcast diffuser, émettre
0%
burst éclater
0%
cast jeter, distribuer (rôles)
0%
chid, chidden gronder
0%
clad, clothed habiller, recouvrir
0%
clung s'accrocher
0%
crept ramper
0%
dealt distribuer
0%
dived, dove plonger
0%
dwelt, dwelled habiter
0%
flung lancer
0%
foreseen prévoir, presentir
0%
forsaken abandonner (par trahison)
0%
ground moudre, opprimer
0%
hung tenir, pendre
0%
laid poser
0%
lain s'allonger
0%
leapt, leaped sauter, bondir
0%
mowed, mown tondre
0%
offset compenser
0%
partaken prendre part à
0%
preset programmer
0%
relaid relayer
0%
rid débarrasser
0%
set fixer
0%
shed répandre, laisser tomber
0%
shod chausser
0%
shone briller
0%
slain tuer
0%
slit fendre
0%
slunk, slinked s'en aller furtivement
0%
sown, sowed semer
0%
sped aller vite
0%
spilt, spilled renverser
0%
split fendre
0%
sprung surgir, jaillir, bondir
0%
spun tourner, faire tourner
0%
strewn, strewed éparpiller
0%
stricken, struck frapper (avec précision)
0%
striven s'efforcer
0%
swept balayer
0%
swollen gonfler, enfler
0%
swung se balancer
0%
thriven, thrived prospérer
0%
thrust enfoncer
0%
torn déchirer
0%
trodden piétiner quelque chose
0%
typeset composer
0%
undergone subir
0%
wept pleurer
0%
withdrawn se retirer
0%
worn porter (avoir sur soi)
0%
wound enrouler, remonter
0%
wrung tordre
0%
Aucun quiz correspondant
Distribution des résultats
% des personnes avec chaque résultat
Percentile par nombre de réponses
Votre historique - résultats
Vous n’avez pas pris ce quiz